000 00438nam a2200181 a 4500
001 000493021
003 AM-YeHGA
005 20250617134425.0
008 060614s1928 ai | |||||||||||||arm|d
040 _aAM-YeHGA
041 0 _aarm
245 0 0 _aԿտակ.
260 _aՀալէպ :
_bտպ. Արաքս,
_c1928.
300 _a11 էջ ;
_c20 սմ.
650 1 4 _aՔրիստոնեություն
942 _2udc
_cBK
090 _c183243
999 _c181791
_d181791